000 00727nam a2200277Ia 4500
003 OSt
005 20220912151457.0
006 a|||||r|||| 00| 0
007 ta
008 220909b |||||||| |||| 00| 0 eng d
020 _a8170760412 (hbd)
024 _a3632
037 _cTextual
040 _aCSL
_beng
_cCSL
041 _aeng
082 _aY72:6.277.9G, N3
100 _aThomas E J
245 0 _aMizo:bamboo hills murmur change
260 _aNew Delhi
_b Intellectual Publishing House
_c1993
300 _a54p.
_ccm.
650 _a Mizo Tribe
650 _a Social change
650 _aAnthropology
942 _hY72:6.277.9G, N3
_cTEXL
_2CC
999 _c69425
_d69425